000
00280nam a2200121 a 4500
001
4140
005
20140414132023.0
008
090218s19uu xx 00 eng d
050
_a
TR
_b
IL8 2005
100
_a
McBratney, Sam
245
_a
I love it when you smile.
999
_c
113513
_d
113513